[Event "TUR-ch U13/18"]
[Site "Antalya"]
[Date "2023.01.26"]
[Round "8"]
[White "Ozgun, Yigit Deniz"]
[Black "Gungor, Cihan Akif"]
[Result "1/2-1/2"]
[WhiteElo "1769"]
[BlackElo "1871"]
[PlyCount "62"]
[EventDate "2023.01.17"]
[EventType "swiss"]
[EventRounds "10"]
[EventCountry "TUR"]
[SourceTitle "EXT 2024"]
[Source "ChessBase"]
[SourceDate "2023.10.10"]
[SourceVersion "1"]
[SourceVersionDate "2023.10.10"]
[SourceQuality "1"]

1. d4 Nf6 2. c4 e6 3. Nc3 d5 4. cxd5 exd5 5. Bg5 Nbd7 6. e3 Be7 7. Bd3 h6 8. Bh4 b6 9. Qc2 Bb7 10. Nf3 0-0 11. 0-0 Re8 12. Rac1 a6 13. Rfd1 Bd6 14. Bh7+ Kh8 15. Bf5 g5 16. Bg3 Bxg3 17. hxg3 Qe7 18. Qb3 Qd6 19. Bb1 Rac8 20. Qc2 Ne4 21. Nxe4 dxe4 22. Nd2 Bd5 23. Nc4 Qe6 24. b3 Kg7 25. Re1 f5 26. Qe2 Qf6 27. Nd2 a5 28. g4 Re7 29. gxf5 Qxf5 30. Nc4 Rf8 31. Rc2 g4 1/2-1/2

[Event "TUR-ch U13/18"]
[Site "Antalya"]
[Date "2023.01.24"]
[Round "4"]
[White "Manas, Eren"]
[Black "Ozgun, Yigit Deniz"]
[Result "1/2-1/2"]
[WhiteElo "1535"]
[BlackElo "1769"]
[PlyCount "215"]
[EventDate "2023.01.17"]
[EventType "swiss"]
[EventRounds "10"]
[EventCountry "TUR"]
[SourceTitle "EXT 2024"]
[Source "ChessBase"]
[SourceDate "2023.10.10"]
[SourceVersion "1"]
[SourceVersionDate "2023.10.10"]
[SourceQuality "1"]

1. e4 c5 2. Nf3 Nc6 3. d4 cxd4 4. Nxd4 Nf6 5. Nc3 e6 6. g3 Bb4 7. Bg2 0-0 8. 0-0 d6 9. Nce2 a6 10. c4 e5 11. Nc2 Bc5 12. h3 Be6 13. b3 b5 14. cxb5 axb5 15. Be3 Qb6 16. Nc3 Rfd8 17. Nd5 Bxd5 18. exd5 Nb8 19. Bg5 Nbd7 20. b4 Bd4 21. Nxd4 exd4 22. Qb3 h6 23. Bxf6 Nxf6 24. Rfc1 Qa7 25. Qd3 Rab8 26. Rc6 Kf8 27. a3 Kg8 28. Kh2 Kf8 29. Rac1 Ra8 30. Qxb5 Qxa3 31. Qc4 Rab8 32. b5 Qb2 33. Rc2 Qxb5 34. Qxd4 Kg8 35. Ra2 Rb7 36. Raa6 Ne8 37. Qh4 Rbb8 38. Ra7 Nf6 39. Qf4 Qb4 40. Rc4 Qb6 41. Rcc7 Rf8 42. g4 Qb4 43. Qf3 Qd4 44. Re7 Rb2 45. Qe3 Qxe3 46. Rxe3 Rxf2 47. Kg3 Rd2 48. Ree7 Rd4 49. Bf3 Rd3 50. Kf2 Nxd5 51. Bxd5 Rxd5 52. Rad7 Rd3 53. h4 Rd4 54. Kg3 d5 55. g5 hxg5 56. hxg5 g6 57. Re5 Ra8 58. Rdxd5 Ra3+ 59. Kf2 Rf4+ 60. Kg2 Rg4+ 61. Kf2 Kg7 62. Re3 Rf4+ 63. Kg3 Raa4 64. Ree5 Rfb4 65. Kf3 Ra1 66. Rb5 Rh4 67. Kg3 Rhh1 68. Kf3 Rhg1 69. Rbd5 Raf1+ 70. Ke2 Rf4 71. Ke3 Rgf1 72. Re4 Rf5 73. Rxf5 Rxf5 74. Rg4 Kf8 75. Ke4 Ke7 76. Rg3 Ke6 77. Rg4 Ra5 78. Rg1 Ra4+ 79. Ke3 Ke5 80. Rb1 Ra3+ 81. Ke2 Ra7 82. Rf1 Ke6 83. Rf6+ Ke7 84. Kf3 Ra1 85. Rb6 Ra4 86. Kg3 Re4 87. Kf3 Re5 88. Kf4 Rf5+ 89. Kg4 Kd7 90. Ra6 Kc7 91. Kh4 Kd7 92. Kg4 Rb5 93. Kf4 Rd5 94. Rb6 Rd6 95. Rb7+ Ke6 96. Rb4 Rd1 97. Rb6+ Ke7 98. Rb7+ Kf8 99. Ra7 Rh1 100. Kg4 Rb1 101. Kf4 Rb4+ 102. Kf3 Rb5 103. Kg4 Re5 104. Kf4 Re7 105. Ra8+ Kg7 106. Ra6 Rb7 107. Rc6 Re7 108. Ra6 1/2-1/2

[Event "TUR-chT Clubs"]
[Site "Konya"]
[Date "2019.07.21"]
[Round "9.21"]
[White "Ozgun, Yigit Deniz"]
[Black "Temel, Mustafa"]
[Result "1-0"]
[WhiteElo "1384"]
[BlackElo "1549"]
[PlyCount "99"]
[EventDate "2019.07.16"]
[EventType "team-swiss"]
[EventRounds "9"]
[EventCountry "TUR"]
[SourceTitle "CBM 191 Extra"]
[Source "ChessBase"]
[SourceDate "2019.09.30"]
[SourceVersion "1"]
[SourceVersionDate "2019.09.30"]
[SourceQuality "1"]
[WhiteTeam "Corum Mavi Ay"]
[BlackTeam "Karaman Onder Durmus"]
[WhiteTeamCountry "TUR"]
[BlackTeamCountry "TUR"]

1. e4 c5 2. Nf3 Nc6 3. d4 cxd4 4. Nxd4 g6 5. c4 Bg7 6. Be3 d6 7. Nc3 Nf6 8. Be2 a6 9. 0-0 0-0 10. Qd2 Re8 11. f3 Bd7 12. Rac1 Rc8 13. Rfd1 Qa5 14. b3 Rc7 15. Nd5 Qxd2 16. Rxd2 Rcc8 17. Nb6 Rcd8 18. Rdd1 Ne5 19. Nc2 Bc6 20. Nb4 Ned7 21. N4d5 Bxd5 22. cxd5 Nxb6 23. Bxb6 Rc8 24. Bd4 Nd7 25. Bxg7 Kxg7 26. Kf2 Nb6 27. Ke3 Rxc1 28. Rxc1 Rc8 29. Rxc8 Nxc8 30. Kd3 Kf6 31. a4 e5 32. Kc3 Ke7 33. a5 Kf6 34. h4 Kg7 35. g4 h5 36. b4 Ne7 37. gxh5 gxh5 38. Kd2 Ng6 39. Ke3 Nxh4 40. Bxa6 Ng2+ 41. Kf2 Nf4 42. Bxb7 Nd3+ 43. Kg1 Nxb4 44. a6 Nxa6 45. Bxa6 Kg6 46. Bc8 Kg5 47. Kg2 Kf4 48. Kh3 Kg5 49. Bf5 f6 50. Be6 1-0

[Event "TUR-chT Clubs"]
[Site "Konya"]
[Date "2019.07.20"]
[Round "7.21"]
[White "Ozgun, Yigit Deniz"]
[Black "Gorgulu, Aleyna Ipek"]
[Result "1-0"]
[WhiteElo "1384"]
[BlackElo "1198"]
[PlyCount "89"]
[EventDate "2019.07.16"]
[EventType "team-swiss"]
[EventRounds "9"]
[EventCountry "TUR"]
[SourceTitle "CBM 191 Extra"]
[Source "ChessBase"]
[SourceDate "2019.09.30"]
[SourceVersion "1"]
[SourceVersionDate "2019.09.30"]
[SourceQuality "1"]
[WhiteTeam "Corum Mavi Ay"]
[BlackTeam "Elazig Genclik"]
[WhiteTeamCountry "TUR"]
[BlackTeamCountry "TUR"]

1. d4 Nf6 2. c4 d5 3. cxd5 Nxd5 4. e4 Nb6 5. Nf3 Bg4 6. Be2 e6 7. 0-0 Be7 8. Nc3 c6 9. Bf4 0-0 10. h3 Bxf3 11. Bxf3 Re8 12. Rc1 Bd6 13. Bxd6 Qxd6 14. d5 e5 15. Qb3 N8d7 16. dxc6 bxc6 17. Rfd1 Qe7 18. Na4 Rac8 19. Bg4 Rc7 20. Bxd7 Nxd7 21. Qe3 h6 22. Nc5 Nxc5 23. Qxc5 Qxc5 24. Rxc5 f6 25. Rdc1 Rec8 26. b4 a6 27. Ra5 Rb8 28. a3 Rb6 29. Kf1 Kf7 30. Ke2 Ke7 31. Rac5 Kd7 32. Rd1+ Ke7 33. Kf3 h5 34. Ke3 Rd7 35. Rdc1 Rd6 36. R1c4 Kd7 37. Ke2 g6 38. g4 h4 39. g5 Ke6 40. gxf6 Kxf6 41. a4 g5 42. a5 Rb7 43. Rxc6 Rxc6 44. Rxc6+ Kf7 45. Rb6 1-0

[Event "TUR-chT Clubs"]
[Site "Konya"]
[Date "2019.07.19"]
[Round "6.26"]
[White "Ozgun, Yigit Deniz"]
[Black "Delen, Ruhi Furkan"]
[Result "1-0"]
[WhiteElo "1384"]
[BlackElo "1105"]
[PlyCount "121"]
[EventDate "2019.07.16"]
[EventType "team-swiss"]
[EventRounds "9"]
[EventCountry "TUR"]
[SourceTitle "CBM 191 Extra"]
[Source "ChessBase"]
[SourceDate "2019.09.30"]
[SourceVersion "1"]
[SourceVersionDate "2019.09.30"]
[SourceQuality "1"]
[WhiteTeam "Corum Mavi Ay"]
[BlackTeam "Karaman Genclik"]
[WhiteTeamCountry "TUR"]
[BlackTeamCountry "TUR"]

1. e4 c5 2. Nf3 Nc6 3. d4 cxd4 4. Nxd4 Nf6 5. Nc3 e5 6. Ndb5 d6 7. Bg5 a6 8. Na3 h6 9. Bxf6 Qxf6 10. Nd5 Qd8 11. c4 Ne7 12. Nc2 Nxd5 13. Qxd5 Qb6 14. b3 Be6 15. Qd2 Be7 16. h4 0-0 17. g3 f5 18. Bh3 Bc8 19. exf5 Bxf5 20. Bxf5 Rxf5 21. Ne3 Rf7 22. Nd5 Qc5 23. Rd1 Raf8 24. 0-0 Bd8 25. Nc3 Ba5 26. Ne4 Bxd2 27. Nxc5 dxc5 28. Rxd2 b6 29. Rd6 Rf6 30. Rd5 Rf5 31. Kg2 Kh7 32. Rd6 R5f6 33. Rxf6 gxf6 34. h5 Rd8 35. Rb1 Rd4 36. Kf3 f5 37. Re1 Rd3+ 38. Kg2 e4 39. g4 Rf3 40. gxf5 Rxf5 41. Rxe4 Rxh5 42. Re7+ Kg8 43. Rb7 Rg5+ 44. Kf1 Rg6 45. Ke2 Kf8 46. Ke3 Ke8 47. f4 Kd8 48. f5 Rd6 49. Kf4 Rd2 50. Rxb6 Rxa2 51. Rxh6 Rf2+ 52. Ke5 Rb2 53. Kd6 Rd2+ 54. Kxc5 Rf2 55. Rd6+ Ke7 56. f6+ Rxf6 57. Rxf6 Kxf6 58. Kd6 Kf7 59. Kd7 a5 60. c5 Kf6 61. c6 1-0